| 000 | 01704cam a2200373 4500 | ||
|---|---|---|---|
| 001 | 11983 | ||
| 005 | 20230404125642.0 | ||
| 008 | 060907s2000 cl a spa | ||
| 020 | _a9213215428 | ||
| 035 | _9funglode12078 | ||
| 022 | _a1020-5179 | ||
| 086 | _aLC/L.1280-P | ||
| 041 | _aspa | ||
| 050 | 1 | 4 | _aCD F |
| 100 | 1 | _aKatz, Jorge M. | |
| 245 | 1 | 0 |
_aCambios en la estructura y comportamiento del aparato productivo latinoamericano en los años 1990 : _bdespués del "Consenso de Washington", que? / _cJorge M. Katz; Comisión Económica para América Latina y el Caribe. |
| 260 |
_aSantiago de Chile : _bNaciones Unidas, Comisión Económica para America Latina y el Caribe - CEPAL, Red de Reestructuración y Competitividad, División de Desarrollo Productivo y Empresaria, _c2000 |
||
| 300 |
_a55 p. : _bil. ; _c28 cm. |
||
| 440 | 0 |
_aSerie desarrollo productivo ; _v65 |
|
| 500 | _aNúmero de ventas (UN): S.99.II.G.61 | ||
| 650 | 0 |
_aLabor productivity _zLatin America. |
|
| 650 | 0 |
_aIndustrialization _zLatin America. |
|
| 651 | 0 |
_aLatin America _xEconomic conditions _y1982- |
|
| 610 | 2 | 4 | _aConsenso de Washington |
| 651 | 4 |
_aAjuste estructural (Política económica) _zAmérica Latina |
|
| 650 | 4 |
_aProductividad industrial _zAmérica Latina |
|
| 651 | 4 |
_aProductividad del trabajo _zAmérica Latina |
|
| 650 | 4 |
_aMercado laboral _zAmérica Latina |
|
| 650 | 4 |
_aInnovaciones tecnológicas _zAmérica Latina |
|
| 650 | 4 | _aCEPAL | |
| 710 | 2 |
_aUnited Nations. _bEconomic Commission for Latin America and the Caribbean. Division of Production, Productivity, and Management. |
|
| 710 | 2 |
_aNaciones Unidas. _bComisión Económica para América Latina y el Caribe |
|
| 942 |
_2lcc _ccd |
||
| 999 |
_c1911 _d1911 |
||